| 000 | 00368nam a2200133Ia 4500 | ||
|---|---|---|---|
| 005 | 20260328101522.0 | ||
| 008 | 260328s9999||||xx |||||||||||||| ||und|| | ||
| 100 | _aFanucci, Francisco P. | ||
| 245 | 0 |
_aFrancisco Fanucci, Marcelo Ferraz : _b Brasil Arquitetura / _cFrancisco P. Fanucci |
|
| 260 | _bCosac Naify | ||
| 300 | _a205 p. | ||
| 650 | _aARQUITECTOS | ||
| 942 | _cBK | ||
| 999 |
_c9646 _d9646 |
||